000 00342nam a2200145Ia 4500
008 230917s9999||||xx |||||||||||||| ||und||
040 _e78368
_aMAIN
041 _aEnglish
082 _a340.1 M868J
100 _aMool Singh
245 0 _aJustice Iyer's jurisconscience
260 _aJaipur
_bR B S A
_c1993
300 _a311 p.
942 _cBK
999 _c75932
_d75932